Elements of Fuels, Furnaces & Refractories 6th (Record no. 565805)
[ view plain ]
| 000 -LEADER | |
|---|---|
| fixed length control field | 00380nam a2200133Ia 4500 |
| 008 - FIXED-LENGTH DATA ELEMENTS--GENERAL INFORMATION | |
| fixed length control field | 210430s9999 xx 000 0 und d |
| 020 ## - INTERNATIONAL STANDARD BOOK NUMBER | |
| International Standard Book Number | 81-7409-088-6 |
| 082 ## - DEWEY DECIMAL CLASSIFICATION NUMBER | |
| Classification number | 621.4025 G9775E |
| 100 ## - MAIN ENTRY--PERSONAL NAME | |
| Personal name | Gupta, O.P. |
| 9 (RLIN) | 40512 |
| 245 ## - TITLE STATEMENT | |
| Title | Elements of Fuels, Furnaces & Refractories 6th |
| Statement of responsibility, etc. | Gupta, O.P. |
| 260 ## - PUBLICATION, DISTRIBUTION, ETC. | |
| Place of publication, distribution, etc. | New Dehi. |
| Name of publisher, distributor, etc. | Khana Publishers |
| Date of publication, distribution, etc. | 2014 |
| 300 ## - PHYSICAL DESCRIPTION | |
| Extent | 1072p. |
| 942 ## - ADDED ENTRY ELEMENTS (KOHA) | |
| Koha item type | Book |
| Source of classification or shelving scheme | |
| Withdrawn status | Lost status | Source of classification or shelving scheme | Damaged status | Not for loan | Permanent Location | Current Location | Date acquired | Total Checkouts | Total Renewals | Full call number | Barcode | Date last seen | Date last checked out | Price effective from | Koha item type |
|---|---|---|---|---|---|---|---|---|---|---|---|---|---|---|---|
| School of Chemical & Materials Engineering (SCME) | School of Chemical & Materials Engineering (SCME) | 1 | 4 | 621.4025 G9775E | SCME-4754 | 01/01/2026 | 09/11/2025 | 04/30/2021 | Book |
